Statistics for Major League All-Stars By Initials - C.B.

Click here to take the quiz!

General Stats

  • This quiz has been taken 2 times
  • The average score is 3 of 8

Answer Stats

HintAnswer% Correct
Second Baseman / Catcher - 7x All-Star - Hall of FamerCraig Biggio
100%
Center Fielder - 9x All-StarCarlos Beltran
50%
Center Fielder - 3x All-StarCharlie Blackmon
50%
Third Baseman - 1x All-StarChris Brown
50%
First Baseman / Outfielder - 1x All-StarCody Bellinger
50%
Second Baseman - 3x All-StarCarlos Baerga
0%
Starting Pitcher - 1x All-StarChad Billingsley
0%
Starting Pitcher - 2x All-StarClay Buchholz
0%

Score Distribution

Percentile by Number Answered

Percent of People with Each Score

Your Score History

You have not taken this quiz